Test de rapidité-Mathématiques- 1 à 50 - Statistiques

Statistiques générales
  • Ce quiz a été pris 1 312 fois
  • Le résultat moyen est 31 sur 50
Statistiques - réponses
1 à 50 % Correct
1
100%
2
98%
3
95%
4
94%
5
92%
6
91%
7
90%
8
89%
9
88%
10
86%
11
85%
12
83%
13
83%
14
82%
15
81%
16
80%
17
79%
18
79%
19
78%
20
75%
21
75%
22
73%
23
72%
24
71%
25
69%
26
69%
27
66%
28
65%
29
64%
30
60%
31
57%
32
55%
33
52%
34
50%
35
48%
36
46%
37
45%
38
44%
39
41%
40
36%
41
34%
42
32%
43
30%
44
27%
45
23%
46
21%
47
20%
48
18%
49
16%
50
13%
Aucun quiz correspondant
Distribution des résultats
% des personnes avec chaque résultat
Percentile par nombre de réponses
Votre historique - résultats
Vous n’avez pas pris ce quiz